000 01186nam a2200325 i 4500
003 DO-SdBNP
005 20240503073632.0
007 ta
008 230329b2004 sp a|||| |||| 00| 0 spa d
020 _a849764669x
040 _aDO-SdBNP
_bspa
_cBNPHU
_erda
082 4 _a863.3
_bC419don 2004
_222
100 1 _aCervantes Saavedra, Miguel de,
_d1547-1616
_93070
245 1 0 _aDon Quijote de la mancha /
_cMiguel de Cervantes ; estudio preliminar Juan Alarcón Benito ; notas Joaquín Machín Azparren
264 _aMadrid :
_bDipel,
_c2004.
300 _avolumen
_c20 cm.
336 _2rdacontent
_atextotxt
337 _2rdamedia
_asin mediación
_bn
338 _2rdacarrier
_avolumen
_bnc
500 _aIncluye referencias bibliográficas y notas al pie de las páginas
500 _aEdición conmemorativa 4to. Centenario
500 _aLa biblioteca posee v.7
590 _aInventariado, 2023/BT
650 4 _aNovela española
_91123
650 4 _aLiteratura española
_9632
700 1 _aAlarcón Benito, Juan,
_eestudio preliminar
_973149
700 1 _aMachín Azparren, Joaquín,
_enotas
_973150
910 _aBtavárez/Validado. Control de calidad MFF
942 _2ddc
_cLBS1
999 _c53193
_d53193